Zásady hygieny na pomoc ľudovým hygienikom

Bibliographic Details
Other Authors: Rjabov, V. N., Šimanovský, K. (Translator)
Format: Book
Language:Slovak
Russian
Published: Martin Osveta 1953
Edition:Vydanie 1.
Series:Malá náučná knižnica
Subjects:

MARC

LEADER 00000cam a2200000 a 4500
001 vtls008406956
003 SK-MaSNL
005 20260301181053.0
008 230403s1953 xo g 000 0 slo
015 |a SNBA19451955-014041 
020 |q (brožované) 
035 |a SK01SNKBKSFS20020099173 
035 |a urn:nbn:sk:snk-am3hrjs 
035 |a DDABC4FF-D53A-4400-926A-522CF73B5CA5 
035 |a urn:nbn:sk:snk-am00d6qz 
035 |a SKM000101636 
040 |a SNK  |b slo  |c SNK  |e AACR2 
041 1 |a slo  |h rus 
044 |a xo  |c SK 
080 |a 613  |2 1981 
245 0 0 |a Zásady hygieny  |b na pomoc ľudovým hygienikom  |c sborník sostavil kolektív pracovníkov Výskumného ústavu pre zdravotnícku osvetu v Bratislave ; state V. N. Riabova z ruského originálu Sputnik sanitarnogo aktiva ... preložil K. Šimanovský 
250 |a Vydanie 1. 
260 |a Martin  |b Osveta  |c 1953  |e Martin  |f Severoslovenské tlačiarne 
300 |a 141 strán  |c 21 cm 
366 |e 3300 kusov 
490 1 |a Malá náučná knižnica  |v sv. 102 
650 0 7 |a hygiena  |2 SNKPH  |9 16835 
650 0 7 |a ochrana zdravia  |2 SNKPH  |9 1135 
655 7 |a zborníky  |2 SNKPH  |9 70165 
700 1 2 |a Rjabov, V. N.  |t Sputnik sanitarnogo aktiva  |l Slovensky  |9 553146 
700 1 |a Šimanovský, K.  |4 trl  |9 347579 
830 0 |a Malá náučná knižnica  |9 308631 
852 |a Slovenská národná knižnica 
954 |a odborná, vedecká literatúra cudzojazyčná (svetová)  |2 lita 
958 |a RK 
958 |a ZB 
958 |a OP 
958 |a OND 
958 |a EUIPO 
968 |b RUS 
999 |c 848621  |d 850551 
952 |a SNK  |b SNK  |y VYP  |7 0  |p 17A1563024  |o snkSC 4075/102 D1  |i snkI. 1856/54  |0 0  |1 0  |4 0  |d 2024-12-19  |l 0  |r 2026-02-24 04:34:07  |w 2026-02-24 
952 |a SNK  |b SNK  |y VYP  |7 0  |p 17A1563025  |o snkSC 4075/102 D2  |i snkD 47/65  |8 1  |0 0  |1 0  |4 0  |d 2024-12-19  |l 0  |r 2026-02-24 04:34:07  |w 2026-02-24 
952 |a SNK  |b SNK  |y PREZ  |7 0  |p 17A0747700  |o snkSC 4075/102  |i snk269/54  |0 0  |1 0  |4 0  |d 2018-10-29  |f 1  |l 0  |r 2025-06-25 00:00:00  |w 2026-02-24